Statistics for Elements Named After People

Click here to take the quiz!

General Stats

  • This quiz has been taken 39 times
    (27 since last reset)
  • The average score is 13 of 17

Answer Stats

Answer% Correct
Einsteinium
100%
Curium
93%
Bohrium
87%
Rutherfordium
87%
Seaborgium
87%
Copernicium
80%
Fermium
80%
Nobelium
80%
Lawrencium
73%
Meitnerium
73%
Mendelevium
73%
Roentgenium
73%
Gadolinium
67%
Samarium
67%
Flerovium
60%
Gallium
47%
Oganesson
47%

Score Distribution

Percentile by Number Answered

Percent of People with Each Score

Your Score History

You have not taken this quiz since the last reset